000 01156nab a22002297a 4500
999 _c5873
_d5873
003 OSt
005 20260109011827.0
008 190514b xxu||||| |||| 00| 0 spa d
040 _cPJ
100 _96755
_aAlmada, Sonia
245 1 0 _aNunca más el silencio :
_bimprescriptibilidad, verdad y protección digital frente a la violencia sexual contra bebés, niñas, niños y adolescentes /
_cSonia Almada.
300 _ap. 3-10
505 _aSumario: I. Introducción.— II. La imprescriptibilidad como reparación y prevención.— III. Comisiones de la verdad: una deuda pendiente.— IV. Formación, adecuación institucional y nuevas formas de violencia.— V. Consideraciones finales
505 _tSi te interesa el texto, comunicate a koha@justierradelfuego.gov.ar
650 0 _9967
_aDERECHO DE FAMILIA
650 0 _92741
_aDERECHOS DE LAS NIÑAS, NIÑOS Y ADOLESCENTES
650 0 _92733
_aVIOLENCIA CONTRA MENORES
650 0 _93092
_aPRESCRIPCIÓN
650 0 _92902
_aDELITOS CONTRA LA INTEGRIDAD SEXUAL
773 0 _02844
_93222
_dBuenos Aires : AbeledoPerrot, 1989-
_tDerecho de familia. N° 121 - Septiembre 2025
_z18511201
942 _2udc
_cANA